Statystyki dla Wszyscy Mistrzowie Świata w Koszykówce

Kliknij tutaj aby rozwiązać quiz!

Ogólne statystyki

  • Ten quiz został rozwiązany 418 razy
  • Średni wynik to 12 z 18

Statystyki odpowiedzi

HintOdpowiedź% Poprawnych
1986Stany Zjednoczone
99%
1954Stany Zjednoczone
99%
2014Stany Zjednoczone
99%
2010Stany Zjednoczone
99%
1994Stany Zjednoczone
99%
2006Hiszpania
87%
2019Hiszpania
87%
1950Argentyna
71%
1963Brazylia
70%
1959Brazylia
70%
1978Jugosławia
50%
1990Jugosławia
50%
1970Jugosławia
50%
1998Jugosławia
50%
2002Jugosławia
50%
1982Związek Radziecki
27%
1974Związek Radziecki
27%
1967Związek Radziecki
27%

Rozkład punktacji

Percentyl według liczby udzielonych odpowiedzi

Procent ludzi z każdym wynikiem

Twoja historia wyników

Nie rozwiązałeś tego quizu